Numismática Hispano-Púnica: estado actual de la investigación
Enregistré dans:
| Format: | Livre |
|---|---|
| Langue: | espagnol |
| Publié: |
Ibiza
Govern Balear
1993
|
| Collection: | Trabajos del Museo Arqueológico de Ibiza, 31
|
| Sujets: | |
| Tags: |
Ajouter un tag
Pas de tags, Soyez le premier à ajouter un tag!
|
MARC
| LEADER | 00000nam a2200000 a 4500 | ||
|---|---|---|---|
| 001 | UCP7846 | ||
| 003 | CL-VaPUC | ||
| 005 | 20240611105644.0 | ||
| 008 | 000106e19930000sp 1 spa d | ||
| 082 | 0 | 4 | |a 930.146 |b NUM |2 21 |
| 245 | 1 | 0 | |a Numismática Hispano-Púnica: estado actual de la investigación |
| 260 | |a Ibiza |b Govern Balear |c 1993 | ||
| 300 | |a 192 p | ||
| 490 | 0 | |a Trabajos del Museo Arqueológico de Ibiza, 31 | |
| 583 | |a last modification |c 20000106 00:00:00 |k Rodrigo Vera | ||
| 650 | 0 | 0 | |a Arqueología |9 265619 |
| 650 | 0 | 0 | |a Numismática |9 318332 |
| 650 | 0 | 7 | |a PUNICOS |2 CL-VaPUC |9 619669 |
| 650 | 0 | 7 | |a MONEDAS |2 CL-VaPUC |9 505392 |
| 651 | 7 | |a IBIZA |2 CL-VaPUC |9 619670 | |
| 651 | 0 | |a España |9 254926 | |
| 942 | |c BK | ||
| 945 | |a rherrera |d 20000106 00:00:00 | ||
| 546 | |a En Español | ||
| 518 | |p Jornadas de Arqueología Fenicio-Púnica, 7, 1993 | ||
| 999 | |c 383513 |d 383511 | ||
| 952 | |0 0 |1 0 |4 0 |6 930_146000000000000_NUM_1993 |7 0 |8 A |9 505649 |a BIBHIS |b BIBHIS |d 2020-01-23 |i 1379852 |o 930.146 NUM 1993 |p 1379852 |r 2025-01-20 |w 2020-01-23 |y BK |k HIS | ||